000 00519nam a2200193Ia 4500
003 OSt
005 20221007082814.0
006 a|||||r|||| 00| 0
007 ta
008 221006b |||||||| |||| 00| 0 eng d
024 _a22,631
037 _cDissertations
040 _aFLL
_cFLL
_beng
041 _2eng
_aeng
100 _aArora S.K.
_9699509
245 0 _aIntegration of environmental and development imperatives
_b a critical study.
942 _cDIS
_2CC
999 _c1167784
_d1167784